The life of Mahatma Gandhi / (Record no. 57295)
[ view plain ]
| 000 -LEADER | |
|---|---|
| fixed length control field | 00744cam a22002531a 4500 |
| 001 - CONTROL NUMBER | |
| control field | sa 64002363 |
| 003 - CONTROL NUMBER IDENTIFIER | |
| control field | DLC |
| 005 - DATE AND TIME OF LATEST TRANSACTION | |
| control field | 20260227112009.0 |
| 008 - FIXED-LENGTH DATA ELEMENTS--GENERAL INFORMATION | |
| fixed length control field | 830316s1959 ii 000 0beng |
| 010 ## - LIBRARY OF CONGRESS CONTROL NUMBER | |
| LC control number | sa 64002363 |
| 025 ## - OVERSEAS ACQUISITION NUMBER | |
| Overseas acquisition number | PL480:I-E-2590 |
| 035 ## - SYSTEM CONTROL NUMBER | |
| System control number | (OCoLC)9316791 |
| 040 ## - CATALOGING SOURCE | |
| Original cataloging agency | DLC |
| Transcribing agency | HU |
| Modifying agency | HU |
| -- | DLC |
| 042 ## - AUTHENTICATION CODE | |
| Authentication code | premarc |
| 050 00 - LIBRARY OF CONGRESS CALL NUMBER | |
| Classification number | DS481.G3 |
| Item number | F44 1959 |
| 100 1# - MAIN ENTRY--PERSONAL NAME | |
| Personal name | Fischer, Louis, |
| Dates associated with a name | 1896-1970. |
| 245 14 - TITLE STATEMENT | |
| Title | The life of Mahatma Gandhi / |
| Statement of responsibility, etc. | by Louis Fischer. |
| 250 ## - EDITION STATEMENT | |
| Edition statement | 3rd reprint. |
| 260 ## - PUBLICATION, DISTRIBUTION, ETC. | |
| Place of publication, distribution, etc. | Bombay : |
| Name of publisher, distributor, etc. | Bharatiya Vidya Bhavan, |
| Date of publication, distribution, etc. | 1959. |
| 300 ## - PHYSICAL DESCRIPTION | |
| Extent | 2 v. in 1 ; |
| Dimensions | 19 cm. |
| 440 #0 - SERIES STATEMENT/ADDED ENTRY--TITLE | |
| Title | Bhavan's book university ; |
| Volume/sequential designation | 11-12 |
| 500 ## - GENERAL NOTE | |
| General note | "First published ... in London in 1951." |
| 600 10 - SUBJECT ADDED ENTRY--PERSONAL NAME | |
| Personal name | Gandhi, |
| Titles and other words associated with a name | Mahatma, |
| Dates associated with a name | 1869-1948. |
No items available.